Relation of the late battail between the two great armies of the Conferderates and the King of France, : at the River Pieton, between the Charleroy and Nieuell, on Saturday the 11. August N.S. 1674.

Bibliographic Details
Format: eBook
Language:English
Published: London, : Printed for D. Newman in the Poultrey, 1674.
Series:Early English books online.
Subjects:
Online Access:Connect to the full text of this electronic book

MARC

Tag First Indicator Second Indicator Subfields
LEADER 00000nam a2200000Ia 4500
001 in00004320607
005 20200812090752.0
006 m g d
007 cr bn |||a|bb|
008 030304s1674 enk o 000 0 eng d
035 |a (OCoLC)51784622 
040 |a EAE  |c EAE  |e dcrb 
037 |a CL0037000116  |b ProQuest Information and Learning. 300 N. Zeeb Rd., Ann Arbor, MI 48106 
043 |a e-uk-en 
090 |a D278.P5  |b 1674 
049 |a UMIA 
245 0 0 |a Relation of the late battail between the two great armies of the Conferderates and the King of France, :  |b at the River Pieton, between the Charleroy and Nieuell, on Saturday the 11. August N.S. 1674. 
246 3 6 |a Relation of the late great battel, between the two potent armys, &c 
260 |a London, :  |b Printed for D. Newman in the Poultrey,  |c 1674. 
300 |a 1 online resource ([2], 2 pages) 
336 |a text  |b txt  |2 rdacontent 
337 |a computer  |b c  |2 rdamedia 
338 |a online resource  |b cr  |2 rdacarrier 
500 |a Reproduction of original in: British Library. 
510 4 |a Wing (2nd edition)  |c R846 
533 |a Electronic reproduction.  |b Ann Arbor, Mich. :  |c UMI,  |d 1999-  |f (Early English books online)  |n Digital version of: (Early English Books, 1641-1700 ; 2710:6)  |7 s1999 miun s 
650 0 |a Dutch War, 1672-1678  |x Campaigns  |z France  |v Early works to 1800. 
651 0 |a France  |x History  |y Louis XIV, 1643-1715  |v Early works to 1800. 
830 0 |a Early English books online. 
856 4 0 |u http://proxy.library.tamu.edu/login?url=https://search.proquest.com/docview/2248529245  |z Connect to the full text of this electronic book  |t 0 
999 f f |s ac375382-1ebc-361c-9748-8bd44460e8d4  |i 66780b82-b81f-3628-acba-da70309aa807  |t 0 
952 f f |a Texas A&M University  |b College Station  |c Electronic Resources  |d Available Online  |t 0  |e D278.P5 1674  |h Library of Congress classification 
998 f f |a D278.P5 1674  |t 0  |l Available Online